000 00378nam a2200145Ia 4500
005 20250729165730.0
008 250729s1900 xx 000 0 und d
041 _aeng
082 _a020.2 JERO
100 _aJeremy Butter Field
_9231633
245 _aOxford A - Z of English Usage
260 _aNewyork
_bOxford University Press
300 _a172p
650 _aEnglish
_9231634
999 _c239379
_d239379